| 000 | 00930nam a2200241 a 4500 | ||
|---|---|---|---|
| 005 | 20140310183526.0 | ||
| 008 | 111011s19uu xx 00 eng d | ||
| 010 | _a2009012153 | ||
| 020 | _a9780816076024 | ||
| 050 |
_aHD 9696.8.A2 _b.K57 2009 |
||
| 100 | _aKirk, Amanda | ||
| 245 |
_aInternet and media / _cAmanda Kirk. |
||
| 260 |
_aNew York, NY : _bFerguson, _cc2009. |
||
| 300 |
_axxi, 141 p. : _bcol. ill. ; _c25 cm. |
||
| 440 | _aField guides to finding a new career series | ||
| 500 | _aIncludes bibliographical references and index. | ||
| 520 | _aContents: Web producer -- Game designer -- Animator -- E-business specialist -- Webmaster -- Web designer -- e-Bay seller -- Web entrepreneur -- Web publicist/blogger -- Day trader. | ||
| 521 | _aMA | ||
| 650 |
_aInternet industry _xVocational guidance |
||
| 650 |
_aWeb site development industry _xVocational guidance |
||
| 942 |
_cBK _2lcc _kFOR |
||
| 999 |
_c24526 _d24526 |
||